<?xml version="1.0" encoding="UTF-8"?>
<record
    xmlns:xsi="http://www.w3.org/2001/XMLSchema-instance"
    xsi:schemaLocation="http://www.loc.gov/MARC21/slim http://www.loc.gov/standards/marcxml/schema/MARC21slim.xsd"
    xmlns="http://www.loc.gov/MARC21/slim">

  <leader>00816nam a22001937a 4500</leader>
  <controlfield tag="005">20250616143246.0</controlfield>
  <controlfield tag="008">250218b        |||||||| |||| 00| 0 eng d</controlfield>
  <datafield tag="020" ind1=" " ind2=" ">
    <subfield code="a">9798891864641</subfield>
  </datafield>
  <datafield tag="041" ind1=" " ind2=" ">
    <subfield code="a">Eng</subfield>
  </datafield>
  <datafield tag="082" ind1=" " ind2=" ">
    <subfield code="a">658.4</subfield>
    <subfield code="b">RAT</subfield>
  </datafield>
  <datafield tag="100" ind1=" " ind2=" ">
    <subfield code="a">Rathod Umesh Santhoshkumar Yashoda</subfield>
    <subfield code="9">211386</subfield>
  </datafield>
  <datafield tag="245" ind1=" " ind2=" ">
    <subfield code="a">Startup Theories, Examples, &amp; Activities</subfield>
    <subfield code="b">For Researchers, Mentors, Startup Founders &amp; Enthusiasts </subfield>
  </datafield>
  <datafield tag="260" ind1=" " ind2=" ">
    <subfield code="b">Notion Press</subfield>
  </datafield>
  <datafield tag="300" ind1=" " ind2=" ">
    <subfield code="a">348</subfield>
  </datafield>
  <datafield tag="365" ind1=" " ind2=" ">
    <subfield code="b">483.00</subfield>
    <subfield code="c">Rs.00</subfield>
  </datafield>
  <datafield tag="520" ind1=" " ind2=" ">
    <subfield code="a">1.	Economics Related
2.	Sociological Related 
3.	Psychological And Trait Related 
4.	Managerial Related 
5.	Process Related 
6.	Discovery 
7.	Financial 
8.	Biological Related 
9.	Cultural Related 
10.	Technological
11.	Ethical 
12.	Other Startup Theories

</subfield>
  </datafield>
  <datafield tag="650" ind1=" " ind2=" ">
    <subfield code="a">Entrepreneurship</subfield>
    <subfield code="9">109338</subfield>
  </datafield>
  <datafield tag="942" ind1=" " ind2=" ">
    <subfield code="c">BK</subfield>
  </datafield>
  <datafield tag="999" ind1=" " ind2=" ">
    <subfield code="c">365212</subfield>
    <subfield code="d">365212</subfield>
  </datafield>
  <datafield tag="952" ind1=" " ind2=" ">
    <subfield code="0">0</subfield>
    <subfield code="1">0</subfield>
    <subfield code="2">ddc</subfield>
    <subfield code="4">0</subfield>
    <subfield code="7">0</subfield>
    <subfield code="a">SOFT</subfield>
    <subfield code="b">SOFT</subfield>
    <subfield code="d">2025-02-13</subfield>
    <subfield code="e">Amazon.in</subfield>
    <subfield code="g">483.00</subfield>
    <subfield code="i">XWNY-1443448</subfield>
    <subfield code="l">2</subfield>
    <subfield code="o">658.4 RAT</subfield>
    <subfield code="p">SOFT-BK-4300</subfield>
    <subfield code="r">2025-04-28 00:00:00</subfield>
    <subfield code="s">2025-04-21</subfield>
    <subfield code="t">3.20%</subfield>
    <subfield code="v">499.00</subfield>
    <subfield code="w">2025-02-10</subfield>
    <subfield code="y">BK</subfield>
  </datafield>
  <datafield tag="952" ind1=" " ind2=" ">
    <subfield code="0">0</subfield>
    <subfield code="1">0</subfield>
    <subfield code="2">ddc</subfield>
    <subfield code="4">0</subfield>
    <subfield code="7">0</subfield>
    <subfield code="a">SOFT</subfield>
    <subfield code="b">SOFT</subfield>
    <subfield code="d">2025-04-28</subfield>
    <subfield code="e">Om Book Stall</subfield>
    <subfield code="g">449.10</subfield>
    <subfield code="i">823</subfield>
    <subfield code="l">0</subfield>
    <subfield code="o">658.4 RAT</subfield>
    <subfield code="p">SOFT-BK-4405</subfield>
    <subfield code="r">2025-05-06 00:00:00</subfield>
    <subfield code="t">10%</subfield>
    <subfield code="v">499.00</subfield>
    <subfield code="w">2025-04-26</subfield>
    <subfield code="y">BK</subfield>
  </datafield>
  <datafield tag="952" ind1=" " ind2=" ">
    <subfield code="0">0</subfield>
    <subfield code="1">0</subfield>
    <subfield code="2">ddc</subfield>
    <subfield code="4">0</subfield>
    <subfield code="7">0</subfield>
    <subfield code="a">SOFT</subfield>
    <subfield code="b">SOFT</subfield>
    <subfield code="d">2025-04-28</subfield>
    <subfield code="e">Om Book Stall</subfield>
    <subfield code="g">449.10</subfield>
    <subfield code="i">823</subfield>
    <subfield code="l">0</subfield>
    <subfield code="o">658.4 RAT</subfield>
    <subfield code="p">SOFT-BK-4406</subfield>
    <subfield code="r">2025-05-06 00:00:00</subfield>
    <subfield code="t">10%</subfield>
    <subfield code="v">499.00</subfield>
    <subfield code="w">2025-04-26</subfield>
    <subfield code="y">BK</subfield>
  </datafield>
  <datafield tag="952" ind1=" " ind2=" ">
    <subfield code="0">0</subfield>
    <subfield code="1">0</subfield>
    <subfield code="2">ddc</subfield>
    <subfield code="4">0</subfield>
    <subfield code="7">0</subfield>
    <subfield code="a">SOFT</subfield>
    <subfield code="b">SOFT</subfield>
    <subfield code="d">2025-04-28</subfield>
    <subfield code="e">Om Book Stall</subfield>
    <subfield code="g">449.10</subfield>
    <subfield code="i">823</subfield>
    <subfield code="l">0</subfield>
    <subfield code="o">658.4 RAT</subfield>
    <subfield code="p">SOFT-BK-4407</subfield>
    <subfield code="r">2025-05-06 00:00:00</subfield>
    <subfield code="t">10%</subfield>
    <subfield code="v">499.00</subfield>
    <subfield code="w">2025-04-26</subfield>
    <subfield code="y">BK</subfield>
  </datafield>
  <datafield tag="952" ind1=" " ind2=" ">
    <subfield code="0">0</subfield>
    <subfield code="1">0</subfield>
    <subfield code="2">ddc</subfield>
    <subfield code="4">0</subfield>
    <subfield code="7">0</subfield>
    <subfield code="a">SOFT</subfield>
    <subfield code="b">SOFT</subfield>
    <subfield code="d">2025-04-28</subfield>
    <subfield code="e">Om Book Stall</subfield>
    <subfield code="g">449.10</subfield>
    <subfield code="i">823</subfield>
    <subfield code="l">1</subfield>
    <subfield code="o">658.4 RAT</subfield>
    <subfield code="p">SOFT-BK-4408</subfield>
    <subfield code="r">2025-09-08 00:00:00</subfield>
    <subfield code="s">2025-09-05</subfield>
    <subfield code="t">10%</subfield>
    <subfield code="v">499.00</subfield>
    <subfield code="w">2025-04-26</subfield>
    <subfield code="y">BK</subfield>
  </datafield>
  <datafield tag="952" ind1=" " ind2=" ">
    <subfield code="0">0</subfield>
    <subfield code="1">0</subfield>
    <subfield code="2">ddc</subfield>
    <subfield code="4">0</subfield>
    <subfield code="7">0</subfield>
    <subfield code="a">SOFT</subfield>
    <subfield code="b">SOFT</subfield>
    <subfield code="d">2025-04-28</subfield>
    <subfield code="e">Om Book Stall</subfield>
    <subfield code="g">449.10</subfield>
    <subfield code="i">823</subfield>
    <subfield code="l">0</subfield>
    <subfield code="o">658.4 RAT</subfield>
    <subfield code="p">SOFT-BK-4409</subfield>
    <subfield code="r">2025-05-06 00:00:00</subfield>
    <subfield code="t">10%</subfield>
    <subfield code="v">499.00</subfield>
    <subfield code="w">2025-04-26</subfield>
    <subfield code="y">BK</subfield>
  </datafield>
  <datafield tag="952" ind1=" " ind2=" ">
    <subfield code="0">0</subfield>
    <subfield code="1">0</subfield>
    <subfield code="2">ddc</subfield>
    <subfield code="4">0</subfield>
    <subfield code="7">0</subfield>
    <subfield code="a">SOFT</subfield>
    <subfield code="b">SOFT</subfield>
    <subfield code="d">2025-04-28</subfield>
    <subfield code="e">Om Book Stall</subfield>
    <subfield code="g">449.10</subfield>
    <subfield code="i">823</subfield>
    <subfield code="l">0</subfield>
    <subfield code="o">658.4 RAT</subfield>
    <subfield code="p">SOFT-BK-4410</subfield>
    <subfield code="r">2025-05-06 00:00:00</subfield>
    <subfield code="t">10%</subfield>
    <subfield code="v">499.00</subfield>
    <subfield code="w">2025-04-26</subfield>
    <subfield code="y">BK</subfield>
  </datafield>
  <datafield tag="952" ind1=" " ind2=" ">
    <subfield code="0">0</subfield>
    <subfield code="1">0</subfield>
    <subfield code="2">ddc</subfield>
    <subfield code="4">0</subfield>
    <subfield code="7">0</subfield>
    <subfield code="a">SOFT</subfield>
    <subfield code="b">SOFT</subfield>
    <subfield code="d">2025-04-28</subfield>
    <subfield code="e">Om Book Stall</subfield>
    <subfield code="g">449.10</subfield>
    <subfield code="i">823</subfield>
    <subfield code="l">0</subfield>
    <subfield code="o">658.4 RAT</subfield>
    <subfield code="p">SOFT-BK-4411</subfield>
    <subfield code="r">2025-05-06 00:00:00</subfield>
    <subfield code="t">10%</subfield>
    <subfield code="v">499.00</subfield>
    <subfield code="w">2025-04-26</subfield>
    <subfield code="y">BK</subfield>
  </datafield>
  <datafield tag="952" ind1=" " ind2=" ">
    <subfield code="0">0</subfield>
    <subfield code="1">0</subfield>
    <subfield code="2">ddc</subfield>
    <subfield code="4">0</subfield>
    <subfield code="7">0</subfield>
    <subfield code="a">SOFT</subfield>
    <subfield code="b">SOFT</subfield>
    <subfield code="d">2025-04-28</subfield>
    <subfield code="e">Om Book Stall</subfield>
    <subfield code="g">449.10</subfield>
    <subfield code="i">823</subfield>
    <subfield code="l">0</subfield>
    <subfield code="o">658.4 RAT</subfield>
    <subfield code="p">SOFT-BK-4412</subfield>
    <subfield code="r">2025-05-06 00:00:00</subfield>
    <subfield code="t">10%</subfield>
    <subfield code="v">499.00</subfield>
    <subfield code="w">2025-04-26</subfield>
    <subfield code="y">BK</subfield>
  </datafield>
  <datafield tag="952" ind1=" " ind2=" ">
    <subfield code="0">0</subfield>
    <subfield code="1">0</subfield>
    <subfield code="2">ddc</subfield>
    <subfield code="4">0</subfield>
    <subfield code="7">0</subfield>
    <subfield code="a">SOFT</subfield>
    <subfield code="b">SOFT</subfield>
    <subfield code="d">2025-04-28</subfield>
    <subfield code="e">Om Book Stall</subfield>
    <subfield code="g">449.10</subfield>
    <subfield code="i">823</subfield>
    <subfield code="l">0</subfield>
    <subfield code="o">658.4 RAT</subfield>
    <subfield code="p">SOFT-BK-4413</subfield>
    <subfield code="r">2025-05-06 00:00:00</subfield>
    <subfield code="t">10%</subfield>
    <subfield code="v">499.00</subfield>
    <subfield code="w">2025-04-26</subfield>
    <subfield code="y">BK</subfield>
  </datafield>
  <datafield tag="952" ind1=" " ind2=" ">
    <subfield code="0">0</subfield>
    <subfield code="1">0</subfield>
    <subfield code="2">ddc</subfield>
    <subfield code="4">0</subfield>
    <subfield code="7">0</subfield>
    <subfield code="a">SOFT</subfield>
    <subfield code="b">SOFT</subfield>
    <subfield code="d">2025-04-28</subfield>
    <subfield code="e">Om Book Stall</subfield>
    <subfield code="g">449.10</subfield>
    <subfield code="i">823</subfield>
    <subfield code="l">0</subfield>
    <subfield code="o">658.4 RAT</subfield>
    <subfield code="p">SOFT-BK-4414</subfield>
    <subfield code="r">2025-05-06 00:00:00</subfield>
    <subfield code="t">10%</subfield>
    <subfield code="v">499.00</subfield>
    <subfield code="w">2025-04-26</subfield>
    <subfield code="y">BK</subfield>
  </datafield>
</record>
